Básnik dokumentu Petrus ponúka knihu Brucea Chatwina Načo som tu

Bibliographic Details
Main Author: Dušek, Dušan, 1946- (Author)
Format: Article
Language:Slovak
ISBN:13354426
Subjects:

MARC

LEADER 00000nab a2200000 a 4500
001 vtls000787844
003 SK-MaSNL
005 20260304180717.0
008 160314c2002 xo 0 slo
015 |a SNBRB2002/03-09450 
035 |a CLN000139499 
040 |a SNKBUCL  |b slo  |c SNKBUCL  |e AACR2 
041 0 |a slo 
044 |a xo  |c SK 
080 |a 82.09:820-3(048)  |2 1997 
080 |a 820-3(048)  |2 1997 
100 1 |a Dušek, Dušan,  |d 1946-  |4 aut  |9 209536 
245 1 0 |a Básnik dokumentu  |b Petrus ponúka knihu Brucea Chatwina Načo som tu  |c Dušan Dušek 
650 0 7 |a anglické prózy  |2 snkbucl  |9 1046703 
655 7 |a recenzie  |2 snkbucl  |9 21907 
773 0 |t Domino fórum  |g Roč. 11, č. 9 (2002), s. 18  |z 13354426 
787 0 8 |i Rec.:  |a Chatwin, Bruce  |t Načo som tu  |d Bratislava : Petrus, 2001 
850 |a Slovenská národná knižnica 
852 |a Slovenská národná knižnica 
958 |a LX 
958 |a GB 
958 |a RC 
958 |a RBX 
999 |c 3019260  |d 3021190